| 000 -LEADER |
| fixed length control field |
03761cam a22004454a 4500 |
| 001 - CONTROL NUMBER |
| control field |
16514273 |
| 003 - CONTROL NUMBER IDENTIFIER |
| control field |
Nust- CAS-E |
| 005 - DATE AND TIME OF LATEST TRANSACTION |
| control field |
20180118181357.0 |
| 008 - FIXED-LENGTH DATA ELEMENTS--GENERAL INFORMATION |
| fixed length control field |
101022s2011 enka b 001 0 eng |
| 010 ## - LIBRARY OF CONGRESS CONTROL NUMBER |
| LC control number |
2010042192 |
| 015 ## - NATIONAL BIBLIOGRAPHY NUMBER |
| National bibliography number |
GBB0B0410 |
| Source |
bnb |
| 016 7# - NATIONAL BIBLIOGRAPHIC AGENCY CONTROL NUMBER |
| Record control number |
015649162 |
| Source |
Uk |
| 020 ## - INTERNATIONAL STANDARD BOOK NUMBER |
| International Standard Book Number |
9780470997529 |
| 020 ## - INTERNATIONAL STANDARD BOOK NUMBER |
| International Standard Book Number |
0470997524 |
| 035 ## - SYSTEM CONTROL NUMBER |
| System control number |
(OCoLC)ocn672278449 |
| 040 ## - CATALOGING SOURCE |
| Original cataloging agency |
DLC |
| Transcribing agency |
DLC |
| Modifying agency |
YDX |
| -- |
YDXCP |
| -- |
UKM |
| -- |
CDX |
| -- |
PUL |
| -- |
DLC |
| 042 ## - AUTHENTICATION CODE |
| Authentication code |
pcc |
| 050 00 - LIBRARY OF CONGRESS CALL NUMBER |
| Classification number |
TK2896 |
| Item number |
.E524 2011 |
| 082 00 - DEWEY DECIMAL CLASSIFICATION NUMBER |
| Classification number |
620.11297 |
| Edition number |
22 |
| Author Mark |
ENE 2011 |
| 084 ## - OTHER CLASSIFICATION NUMBER |
| Classification number |
TEC021000 |
| Number source |
bisacsh |
| 245 00 - TITLE STATEMENT |
| Title |
Energy materials / |
| Statement of responsibility, etc. |
edited by Duncan W. Bruce, Dermot O'Hare, Richard I. Walton. |
| 260 ## - PUBLICATION, DISTRIBUTION, ETC. |
| Place of publication, distribution, etc. |
Chichester, West Sussex, U.K. : |
| Name of publisher, distributor, etc. |
Wiley, |
| Date of publication, distribution, etc. |
2011. |
| 300 ## - PHYSICAL DESCRIPTION |
| Extent |
viii, 291 p. : |
| Other physical details |
ill. ; |
| Dimensions |
24 cm. |
| 490 1# - SERIES STATEMENT |
| Series statement |
Inorganic materials series |
| 504 ## - BIBLIOGRAPHY, ETC. NOTE |
| Bibliography, etc. note |
Includes bibliographical references and index. |
| 505 8# - FORMATTED CONTENTS NOTE |
| Formatted contents note |
Machine generated contents note: Inorganic Materials Series Preface -- Preface -- List of Contributors -- 1 Polymer Electrolytes -- Michel B. Armand, Peter G. Bruce, Maria Forsyth and Bruno Scrosati -- 1.1 Introduction -- 1.2 Nanocomposite Polymer Electrolytes -- 1.3 Ionic Liquid Based Polymer Electrolytes -- 1.4 Crystalline Polymer Electrolytes -- References -- 2 Advanced Inorganic Materials for Solid Oxide Fuel Cells -- Stephen J. Skinner and Miguel A. Laguna-Bercero -- 2.1 Introduction -- 2.2 Next Generation SOFC Materials -- 2.3 Materials Developments through Processing -- 2.4 Proton Conducting Ceramic Fuel Cells -- 2.5 Summary -- References -- 3 Solar Energy Materials -- Elizabeth A. Gibson and Anders Hagfeldt -- 3.1 Introduction -- 3.2 Development of PV Technology -- 3.3 Summary -- Acknowledgements -- References -- 4 Hydrogen Adsorption on Metal Organic Framework Materials for Storage Applications -- K. Mark Thomas and Wadysaw Wieczorek -- 4.1 Introduction -- 4.2 Hydrogen Adsorption Experimental Methods -- 4.3 Activation of MOFs -- 4.4 Hydrogen Adsorption on MOFs -- 4.5 Conclusions -- Acknowledgements -- References -- Index. |
| 520 ## - SUMMARY, ETC. |
| Summary, etc. |
"Following the success of Inorganic Materials, the concept of the original book will be updated and extended to reflect the recent expansion of research and applications in inorganic material chemistry, and its interfaces with physics, biology and materials science. Inorganic materials will be separated into five areas based on their physical properties: porous, functional oxides, molecular, low-dimensional and electronic materials. Each area will be presented in one volume and each chapter will cover recent research areas within the contributors' field of knowledge, providing a clear and useable introduction to that field. The chapters of the book will be self-contained and relate to a different area of the volume's general subject matter. This volume looks at inorganic materials with special electronic properties and is proposed as follows: polymer electrolytes, photonic crystals, low molar mass OLEDs, and polymer LEDs"-- |
| 520 ## - SUMMARY, ETC. |
| Summary, etc. |
"This volume looks at inorganic materials with special electronic properties and is proposed as follows: polymer electrolytes, photonic crystals, low molar mass OLEDs, and polymer LEDs"-- |
| 650 #0 - SUBJECT ADDED ENTRY--TOPICAL TERM |
| Topical term or geographic name entry element |
Energy storage |
| General subdivision |
Materials. |
| 650 #0 - SUBJECT ADDED ENTRY--TOPICAL TERM |
| Topical term or geographic name entry element |
Electric batteries |
| General subdivision |
Materials. |
| 650 #0 - SUBJECT ADDED ENTRY--TOPICAL TERM |
| Topical term or geographic name entry element |
Power electronics |
| General subdivision |
Materials. |
| 700 1# - ADDED ENTRY--PERSONAL NAME |
| Personal name |
Bruce, Duncan W. |
| 700 1# - ADDED ENTRY--PERSONAL NAME |
| Personal name |
Walton, Richard I. |
| 700 1# - ADDED ENTRY--PERSONAL NAME |
| Personal name |
O'Hare, Dermot. |
| 830 #0 - SERIES ADDED ENTRY--UNIFORM TITLE |
| Uniform title |
Inorganic materials series. |
| 856 42 - ELECTRONIC LOCATION AND ACCESS |
| Materials specified |
Cover image |
| Uniform Resource Identifier |
<a href="http://catalogimages.wiley.com/images/db/jimages/9780470997529.jpg">http://catalogimages.wiley.com/images/db/jimages/9780470997529.jpg</a> |
| 906 ## - LOCAL DATA ELEMENT F, LDF (RLIN) |
| a |
7 |
| b |
cbc |
| c |
orignew |
| d |
1 |
| e |
ecip |
| f |
20 |
| g |
y-gencatlg |
| 942 ## - ADDED ENTRY ELEMENTS (KOHA) |
| Source of classification or shelving scheme |
|
| Koha item type |
Book |